00529nam a22001817a 4500003000400000008004100004082001700045100001700062245011200079260006500191300001000256502001700266650001700283650001300300650001200313650001100325650001100336OSt260429b |||||||| |||| 00| 0 eng d a634.44bH69S aHoda, Nurul. aStudies on the Effect of Ethrel CCC and GA Sprays on Bearing of Mango (mangifera indica L.) cby Nurul Hoda a.- Sabour, Sabourb: Bihar Agricultural College, RAUc, 1986 a116p. bPh. D.d1986 aHorticulture aPomology aMangoes aThesis aPh. D.